[Event "Exerciser Quad 3: SECTION 2 (1955)"]
[Site "Minneapolis, MN"]
[Date "2018.03.31"]
[Round "1.1"]
[White "Wasserman, Eddie"]
[Black "Voje, Daniel"]
[Result "1-0"]
[WhiteElo "1928"]
[BlackElo "1638"]

1. e4 c6 2. d4 d5 3. e5 Bf5 4. h4 h5 5. c4 e6 6. Nc3 Ne7 7. Nge2 dxc4 8. Ng3
b5 9. Bg5 Qa5 10. a4 b4 11. Nce4 c3 12. Nd6+ Kd7 13. Ngxf5 Nxf5 14. Nxf5 exf5
15. bxc3 bxc3 16. Qb3 Bb4 17. Qxf7+ Kc8 18. Qxf5+ Nd7 19. Qc2 Nb6 20. Bd3 Nd5
21. O-O Rb8 22. Rfe1 Qb6 23. Rad1 Be7 24. Bxe7 Nxe7 25. Qxc3 Rd8 26. Be4 Qb4
27. Qh3+ Kc7 28. Qe3 Qc4 29. d5 Nxd5 30. Bxd5 Rxd5 31. Rxd5 Qxd5 32. Qxa7+ Rb7
33. Qe3 Rb3 34. Qg5 Qe6 35. Qxg7+ Kb6 36. Qf6 Qd5 37. e6 Qd2 38. Qe5 {#r} 1-0

[Event "Exerciser Quad 3: SECTION 2 (1955)"]
[Site "Minneapolis, MN"]
[Date "2018.03.31"]
[Round "1.2"]
[White "Hutton, Henry"]
[Black "Murray, William"]
[Result "1/2-1/2"]
[WhiteElo "1951"]
[BlackElo "1974"]

1. e4 d6 2. d4 Nf6 3. Nc3 e5 4. Nf3 exd4 5. Nxd4 Be7 6. Be2 O-O 7. Be3 c6 8.
a4 Re8 9. Qd2 Bf8 10. Bg5 Nbd7 11. f3 Nc5 12. O-O Ne6 13. Be3 Nxd4 14. Bxd4
Nd7 15. Bc4 Nb6 16. Bb3 Be6 17. Bxe6 Rxe6 18. Qd3 d5 19. exd5 Nxd5 20. Nxd5
Qxd5 21. Rad1 Qa5 22. Qb3 Qc7 23. f4 Bd6 24. Qg3 Rg6 25. Qf2 b6 26. Kh1 f5 27.
Rde1 Qd7 28. Rd1 Qc7 29. Qe3 Rf8 30. c4 c5 31. Be5 Qc6 32. Rd5 Re8 33. Re1 Bf8
34. b3 Rge6 35. Qd3 g6 36. Rd1 R6e7 37. h4 Bg7 38. Rd6 Qe4 39. Qxe4 fxe4 40.
Bxg7 Kxg7 41. Re1 Re6 42. Rd7+ R6e7 43. Rd5 e3 44. Re2 Re4 45. g3 Rd4 46. Kg2
Kf6 47. Kf3 Rxd5 48. cxd5 Rd8 49. Ke4 Re8+ 50. Kd3 Rd8 51. Kc4 Re8 52. d6 Kf5
53. Kd5 Kg4 54. d7 Rd8 55. Rxe3 Rxd7+ 56. Kc6 Rf7 57. a5 Rf6+ 58. Kb5 h6 59.
a6 Rf7 60. Kc6 Rf6+ 61. Kb7 Rf7+ 62. Kc6 Rf6+ {#d} 1/2-1/2

[Event "Exerciser Quad 3: SECTION 2 (1955)"]
[Site "Minneapolis, MN"]
[Date "2018.03.31"]
[Round "2.1"]
[White "Murray, William"]
[Black "Wasserman, Eddie"]
[Result "0-1"]
[WhiteElo "1974"]
[BlackElo "1928"]

1. d4 Nf6 2. Bf4 d5 3. e3 e6 4. Nf3 c5 5. c3 Nc6 6. Nbd2 cxd4 7. exd4 Nh5 8.
Bg3 Nxg3 9. hxg3 Bd6 10. Bd3 Bd7 11. Qe2 Rc8 12. Rc1 Qb6 13. Rb1 h6 14. O-O
O-O 15. Rfe1 Rfe8 16. Nf1 e5 17. dxe5 Nxe5 18. Nxe5 Rxe5 19. Qd2 Rce8 20. Rxe5
Rxe5 21. Ne3 Bc5 22. Re1 Bxe3 23. Rxe3 Rxe3 24. fxe3 Qe6 25. Bc2 Qe5 26. Qf2
b6 27. Bb3 Be6 28. Bc2 Qd6 29. Kh2 Qe5 30. Qe2 h5 31. Qd3 g6 32. Qd4 Qg5 33.
Qf4 Qxf4 34. gxf4 Kg7 35. a3 Kf6 36. Kg3 Bf5 37. Bxf5 Kxf5 38. Kf3 f6 39. g3
g5 40. fxg5 fxg5 41. b3 h4 42. c4 dxc4 43. e4+ Ke5 44. bxc4 h3 45. g4 h2 46.
Kg2 h1=Q+ 47. Kxh1 Kxe4 48. Kg2 Kf4 49. a4 Kxg4 50. a5 Kf4 {#R} 0-1

[Event "Exerciser Quad 3: SECTION 2 (1955)"]
[Site "Minneapolis, MN"]
[Date "2018.03.31"]
[Round "2.2"]
[White "Voje, Daniel"]
[Black "Hutton, Henry"]
[Result "0-1"]
[WhiteElo "1638"]
[BlackElo "1951"]

1. e4 e6 2. d4 d5 3. Nd2 c5 4. exd5 Qxd5 5. Ngf3 cxd4 6. Bc4 Qd6 7. Qe2 Nf6 8.
O-O Nc6 9. Bb3 Be7 10. Nc4 Qc7 11. Rd1 Bc5 12. Bg5 Bd7 13. Bh4 O-O 14. Bxf6
gxf6 15. c3 e5 16. Rac1 Bf5 17. Nh4 Bg6 18. Bc2 Rad8 19. Nf5 dxc3 20. bxc3 Ne7
21. g4 Rxd1+ 22. Rxd1 Rd8 23. Rxd8+ Qxd8 24. Qf3 Bxf5 25. gxf5 Qd5 26. Qg4+
Kh8 27. h4 b5 28. Ne3 Bxe3 29. fxe3 Qd2 30. Qe4 Nd5 31. Bd3 Nxc3 32. Qa8+ Kg7
33. Qg2+ Qxg2+ 34. Kxg2 Nxa2 35. Bxb5 Nc3 36. Ba6 Kh6 37. Kg3 Kh5 38. Kh3 Nd5
39. e4 Nc3 40. Bd3 a5 {#R} 0-1

[Event "Exerciser Quad 3: SECTION 2 (1955)"]
[Site "Minneapolis, MN"]
[Date "2018.03.31"]
[Round "3.1"]
[White "Wasserman, Eddie"]
[Black "Hutton, Henry"]
[Result "1/2-1/2"]
[WhiteElo "1928"]
[BlackElo "1951"]

1. d4 d5 2. c4 c6 3. cxd5 cxd5 4. Nc3 Nc6 5. Bf4 e6 6. e3 Bd6 7. Bxd6 Qxd6 8.
Nf3 Nf6 9. Bd3 O-O 10. O-O Bd7 {#d} 1/2-1/2

[Event "Exerciser Quad 3: SECTION 2 (1955)"]
[Site "Minneapolis, MN"]
[Date "2018.03.31"]
[Round "3.2"]
[White "Voje, Daniel"]
[Black "Murray, William"]
[Result "1/2-1/2"]
[WhiteElo "1638"]
[BlackElo "1974"]

1. e4 d6 2. d4 Nf6 3. Bd3 Nc6 4. c3 e5 5. d5 Ne7 6. Ne2 g6 7. f4 exf4 8. Bxf4
Bg7 9. O-O O-O 10. Qe1 Ng4 11. Nd4 Ne5 12. Bc2 c6 13. dxc6 N7xc6 14. Nxc6 bxc6
15. Be3 Ba6 16. Rf2 Qh4 17. Nd2 Ng4 18. g3 Qe7 19. Rg2 Rab8 20. Bb3 Ne5 21. h3
Bc8 22. Rh2 c5 23. Qf1 Be6 24. Re1 Bxb3 25. Nxb3 {#d} 1/2-1/2

[Event "Exerciser Quad 3: SECTION 3 (1749)"]
[Site "Minneapolis, MN"]
[Date "2018.03.31"]
[Round "1.2"]
[White "Cavanah, Troy"]
[Black "Deutsch, Daniel"]
[Result "1/2-1/2"]
[WhiteElo "1877"]
[BlackElo "1729"]

1. e4 d6 2. d4 Nf6 3. Nc3 Nbd7 4. Bc4 e5 5. Nf3 Be7 6. Ng5 O-O 7. Bxf7+ Rxf7
8. Ne6 Qe8 9. Nxc7 Qd8 10. Nxa8 b6 11. Nb5 a6 12. Nbc7 Bb7 13. f3 Bxa8 14. Ne6
Qc8 15. d5 Nc5 16. Nxc5 Qxc5 17. Qe2 Bb7 18. Be3 Qb4+ 19. c3 Qa5 20. a4 b5 21.
b4 Qc7 22. Kd2 bxa4 23. Rxa4 Nd7 24. h4 Nb6 25. Bxb6 Qxb6 26. Rb1 Bxh4 27. b5
Rc7 28. Rbb4 Bg5+ 29. Kc2 Qg1 30. Rb1 Qc5 31. Rb3 axb5 32. Qxb5 Qf2+ 33. Kb1
Qg1+ 34. Ka2 Qxg2+ 35. Rb2 Qxf3 36. Ra8+ Bc8 37. Qe8+ Qf8 38. Qxf8+ Kxf8 39.
Rbb8 Rxc3 40. Rxc8+ Rxc8 41. Rxc8+ Kf7 42. Rc7+ Be7 43. Kb2 g5 44. Kc2 h5 45.
Kd2 g4 46. Ke2 h4 47. Kf2 g3+ 48. Kg2 Ke8 49. Kh3 Kf7 50. Kg4 Kg6 51. Kf3 Kf7
52. Ra7 Kf6 53. Kg2 Kf7 54. Ra1 Kg6 55. Rf1 Kg7 56. Rf5 Kg6 57. Kh3 Kg7 58.
Rh5 Kg6 59. Rf5 Kg7 60. Rf1 Kg6 61. Kg4 Bf6 62. Ra1 Be7 {#d} 1/2-1/2

[Event "Exerciser Quad 3: SECTION 3 (1749)"]
[Site "Minneapolis, MN"]
[Date "2018.03.31"]
[Round "2.2"]
[White "Gisselquist, Peter"]
[Black "Cavanah, Troy"]
[Result "1-0"]
[WhiteElo "1018"]
[BlackElo "1877"]

1. e4 c5 2. c3 d5 3. exd5 Qxd5 4. d4 Nc6 5. Nf3 Nf6 6. Be2 Bf5 7. O-O e6 8.
Na3 cxd4 9. Nb5 Rc8 10. Nbxd4 Be4 11. Be3 Ng4 12. Qa4 Bd6 13. Rad1 Qh5 14. h3
Nxe3 15. fxe3 O-O 16. Nxe6 Bxf3 17. Rxf3 Qe5 18. Nxf8 Rxf8 19. Qf4 Bc5 20.
Qxe5 Nxe5 21. Rg3 Bb6 22. Kf1 f6 23. Bf3 Nc4 24. Bd5+ Kh8 25. Bxc4 {#r} 1-0

[Event "Exerciser Quad 3: SECTION 3 (1749)"]
[Site "Minneapolis, MN"]
[Date "2018.03.31"]
[Round "3.2"]
[White "Deutsch, Daniel"]
[Black "Gisselquist, Peter"]
[Result "1/2-1/2"]
[WhiteElo "1729"]
[BlackElo "1018"]

1. d4 d5 2. Bf4 c5 3. e3 Nc6 4. c3 e6 5. Nf3 Nge7 6. Nbd2 Ng6 7. Bg3 Bd6 8.
Bd3 Bxg3 9. hxg3 c4 10. Bc2 f5 11. g4 Qf6 12. gxf5 exf5 13. Qe2 Bd7 14. O-O-O
O-O-O 15. Rh2 b5 16. Rdh1 h6 17. Nh4 Nxh4 18. Rxh4 b4 19. Nb1 g5 20. R4h2 f4
21. e4 dxe4 22. Qxc4 bxc3 23. bxc3 Kb8 24. Bxe4 Qd6 25. Qd5 Qxd5 26. Bxd5 Ne7
27. Bb3 Nf5 28. Re1 Rde8 29. Rhh1 Nh4 30. Bd5 Kc7 31. Nd2 Bc6 32. Bxc6 Kxc6
33. Rxe8 Rxe8 34. g3 fxg3 35. fxg3 Nf5 36. g4 Nh4 37. Rf1 Kd7 38. Rf7+ Re7 39.
Rxe7+ Kxe7 40. Kc2 Ng2 41. Kd3 Nf4+ 42. Ke4 h5 43. gxh5 Nxh5 44. Kf5 Ng3+ 45.
Kxg5 Ne2 46. Ne4 Ke6 47. Kg4 Kd5 48. Kf3 Nxc3 49. Nxc3+ Kxd4 50. Nb1 Kd3 51.
Kf4 Kc2 52. Ke5 Kxb1 53. a4 Kb2 54. Kd6 Kb3 55. a5 Kb4 {#d} 1/2-1/2

[Event "Thursday Knighter IV: PREMIER"]
[Site "Minneapolis, MN"]
[Date "2018.04.05"]
[Round "1.1"]
[White "Louie, Terry"]
[Black "Gibbins, Wilson"]
[Result "0-1"]
[WhiteElo "1506"]
[BlackElo "1018"]

1. c4 e5 2. Nc3 Nf6 3. g3 c6 4. d4 exd4 5. Qxd4 d5 6. Bg2 Be6 7. cxd5 cxd5 8.
Nf3 Nc6 9. Qa4 Be7 10. O-O O-O 11. Bf4 Rc8 12. Rfd1 Qb6 13. Qb5 Qxb5 14. Nxb5
Rfd8 15. Kf1 Ne4 16. Be3 a6 17. Nbd4 Bg4 18. h3 Bh5 19. Rac1 Bf6 20. g4 Bg6
21. Nxc6 bxc6 22. b4 Bb2 23. Nd4 Nc3 24. Rxc3 Bxc3 25. Rc1 Bxd4 26. Bxd4 f6
27. Bb6 Re8 28. Rc5 Bb1 29. a3 Ba2 30. a4 Bb3 31. Ra5 Bc4 32. Bf3 Kf7 33. Rc5
Ke7 34. Ke1 Kd6 35. Kd2 Rb8 36. Ba5 Bb3 37. Kd3 Bxa4 38. Kd4 Bd1 39. Kd3 Re7
40. Kd2 Ba4 41. e3 Bb5 42. Bd1 g5 43. Bc2 h6 44. Bf5 Bf1 45. Rc1 Bg2 46. Bd3
Bxh3 47. Bxa6 Bxg4 48. b5 c5 49. b6 Ra8 50. b7 Rxb7 51. Bxb7 Rxa5 52. Rb1 Ra2+
53. Ke1 Bf3 54. Bc8 g4 55. Bf5 Kc7 56. Rc1 Kc6 {#R} 0-1

[Event "Thursday Knighter IV: PREMIER"]
[Site "Minneapolis, MN"]
[Date "2018.04.05"]
[Round "1.2"]
[White "Hoover, Nathan"]
[Black "Voje, Daniel"]
[Result "0-1"]
[WhiteElo "1979"]
[BlackElo "1638"]

1. e4 c6 2. d4 d5 3. e5 Bf5 4. Nc3 h5 5. h4 Nh6 6. Nge2 g6 7. Nf4 Bg7 8. f3
Nd7 9. Be3 e6 10. Qd2 a6 11. O-O-O b5 12. Be2 Qc7 13. Rhg1 b4 14. Na4 Qa5 15.
b3 Nb6 16. a3 Bf8 17. g4 hxg4 18. fxg4 Be4 {#R} 0-1

[Event "Thursday Knighter IV: PREMIER"]
[Site "Minneapolis, MN"]
[Date "2018.04.05"]
[Round "1.3"]
[White "Newhall, Peter"]
[Black "Boardman, Larry"]
[Result "1-0"]
[WhiteElo "1067"]
[BlackElo "2005"]

1. d4 Nf6 2. Nf3 c5 3. e3 b6 4. Bd3 Bb7 5. O-O g6 6. c4 cxd4 7. exd4 Bg7 8.
Nc3 O-O 9. Re1 d5 10. c5 bxc5 11. dxc5 Nc6 12. Rb1 d4 13. Ne4 Nd5 14. a3 a5
15. Bd2 Re8 16. Bc4 a4 17. b4 axb3 18. Qxb3 {#r} 1-0

[Event "Thursday Knighter IV: OPEN"]
[Site "Minneapolis, MN"]
[Date "2018.04.05"]
[Round "1.2"]
[White "Myrin, Norman"]
[Black "Melander, Robert"]
[Result "0-1"]
[WhiteElo "1974"]
[BlackElo "1541"]

1. Nf3 Nf6 2. c4 g6 3. d4 Bg7 4. Nc3 O-O 5. e4 d6 6. Be2 e5 7. dxe5 dxe5 8.
Qxd8 Rxd8 9. O-O c6 10. Bg5 Re8 11. Rad1 Nh5 12. g3 Bh3 13. Rfe1 h6 14. Rd8
Rxd8 15. Bxd8 Nd7 16. Bc7 Rc8 17. Bd6 Bf6 18. Rd1 Ng7 19. Bf1 Bg4 20. Kg2 Ne6
21. h3 Bxf3+ 22. Kxf3 Nd4+ 23. Kg2 Bg7 24. f3 f6 25. f4 Kf7 26. c5 b6 27. Bc4+
Ke8 28. Ba6 Ra8 29. Bb7 Rd8 30. Bc7 Nxc5 31. Bxd8 Nxb7 32. Bc7 Na5 33. fxe5
fxe5 34. b3 c5 35. Rf1 c4 36. bxc4 Nxc4 37. Nd5 Ne6 38. Bb8 a6 39. Rc1 b5 40.
a4 Nd4 41. axb5 axb5 42. Kf2 Ne6 43. Ne3 Nd2 44. Rc6 Nxe4+ 45. Kg2 Kd7 46. Rb6
Nc3 47. Nd5 Nxd5 48. Rxb5 Kc6 49. Rb1 Nd4 50. Re1 Nc3 51. Bxe5 Bxe5 52. Rxe5
Kd6 53. Ra5 Ke6 54. Ra6+ Kf7 55. Ra7+ Kf6 56. Ra6+ Ne6 57. Ra3 Ne4 58. Ra6 Ke5
59. Ra5+ N6c5 {Game scores become inaccurate or illegible around this point as
neither game score specifies which Knight went to c5. It seems the e6 Knight
did, but then there are inaccuracies later in the game score.} (59... N4c5 60.
Ra8) 60. Ra8 h5 61. Rg8 Kf6 62. Rf8+ Kg5 63. Rd8 Ne6 64. Ra8 N4c5 65. Ra5 Kh6
66. Ra8 g5 67. Ra6 Kg6 68. Ra5 g4 69. h4 Nd7 70. Ra6 {#R} 0-1

[Event "Thursday Knighter IV: OPEN"]
[Site "Minneapolis, MN"]
[Date "2018.04.05"]
[Round "1.4"]
[White "Juntunen, Steven"]
[Black "Timm, Jordan"]
[Result "1-0"]
[WhiteElo "2133"]
[BlackElo "1902"]

1. e4 c6 2. Nf3 d5 3. Nc3 dxe4 4. Nxe4 Nf6 5. Nxf6+ exf6 6. Be2 Bc5 7. O-O O-O
8. d3 Bg4 9. h3 Bh5 10. g4 Bg6 11. Nh4 Qc7 12. Kg2 Re8 13. Nxg6 fxg6 14. c3 f5
15. d4 Bb6 16. Bg5 Rf8 17. Bc4+ Kh8 18. f3 c5 19. d5 Qd6 20. Re1 Bc7 21. f4
Nd7 22. Re6 h6 23. Rxd6 Bxd6 24. Be7 Bxe7 25. d6 Bf6 26. Be6 Rad8 27. Qd5 Nb6
28. Qd3 c4 29. Qd2 fxg4 30. Bxg4 g5 31. Re1 gxf4 32. Bf3 Bg5 33. Qd4 Rf7 34.
Re6 Rfd7 35. h4 Bxh4 36. Rxh6+ Kg8 37. Bd5+ Nxd5 38. Qxd5+ Rf7 39. Rxh4 f3+
40. Kf2 b5 41. Re4 Kf8 42. Qxb5 g6 43. Rxc4 Rxd6 44. Qb8+ Ke7 45. Rc7+ Rd7 46.
Rxd7+ Kxd7 47. Qxa7+ Ke6 48. Qxf7+ Kxf7 49. Kxf3 Ke6 50. a4 Ke5 51. a5 Kd5 52.
c4+ Kc6 53. b4 Kb7 54. b5 Kc7 55. a6 Kb6 56. c5+ Kc7 57. b6+ Kc6 58. b7 Kc7
59. c6 Kb8 60. Kg4 Ka7 61. Kg5 Kb8 62. Kxg6 Ka7 63. c7 Kxa6 64. b8=Q Ka5 65.
c8=Q Ka4 66. Qc1 Ka5 67. Qa1# 1-0

[Event "Thursday Knighter IV: OPEN"]
[Site "Minneapolis, MN"]
[Date "2018.04.05"]
[Round "1.5"]
[White "Gisselquist, Peter"]
[Black "Buyukdag, Yusuf"]
[Result "1-0"]
[WhiteElo "1018"]
[BlackElo "1102"]

1. e4 c5 2. c3 d6 3. Nf3 Nc6 4. d4 cxd4 5. cxd4 Nf6 6. Nc3 g6 7. h3 Bg7 8. Be2
O-O 9. O-O b6 10. Bf4 Bb7 11. Qa4 Nd7 12. Bb5 Qc8 13. Nd5 Ndb8 14. Rac1 Qd7
15. Nb4 a6 16. Bxc6 Bxc6 17. Nxc6 Ra7 18. d5 e5 19. Be3 f5 20. Qc2 fxe4 21.
Qxe4 Nxc6 22. dxc6 Qe6 23. Rfd1 Rc7 24. Qd5 Qxd5 25. Rxd5 e4 26. Nd4 Rf6 27.
Bg5 {#r} 1-0

[Event "Thursday Knighter IV: OPEN"]
[Site "Minneapolis, MN"]
[Date "2018.04.05"]
[Round "1.6"]
[White "Khann, Riaz"]
[Black "Humphreys, Terry"]
[Result "1/2-1/2"]
[WhiteElo "1506"]
[BlackElo "1912"]

1. e4 c5 2. Nf3 d6 3. d4 cxd4 4. Nxd4 Nf6 5. Nc3 a6 6. Bg5 e6 7. Nf3 Qc7 8.
Bd3 Be7 9. O-O h6 10. Bh4 g5 11. Bg3 Nh5 12. Qe2 Bd7 13. e5 d5 14. Nd4 Ng7 15.
Kh1 Nc6 16. Nf3 Qa5 17. a3 O-O 18. b4 Qd8 19. b5 axb5 20. Nxb5 g4 21. Ng1 h5
22. Nd6 f5 23. Qd2 Bh4 24. Qe2 Bxg3 25. hxg3 {game score illegible last few
moves were a bit of guess work and may be inacurate.} {#d} 1/2-1/2

[Event "Thursday Knighter IV: OPEN"]
[Site "Minneapolis, MN"]
[Date "2018.04.05"]
[Round "1.7"]
[White "Wisniewski, Vincent"]
[Black "Hale, Roger"]
[Result "1-0"]
[WhiteElo "1432"]
[BlackElo "1979"]

1. d4 d5 2. c4 e6 3. Nc3 Nf6 4. Nf3 Nbd7 5. cxd5 exd5 6. Bg5 Be7 7. e3 O-O 8.
Bd3 Re8 9. O-O c6 10. Rc1 a5 11. Na4 b5 12. Nc3 Ba6 13. Ne5 Nxe5 14. dxe5 Nd7
15. Bxe7 Qxe7 16. f4 f6 17. Rf3 fxe5 18. Bxh7+ Kxh7 19. Rh3+ Kg8 20. Ne2 Rac8
21. fxe5 Qxe5 22. Nf4 Nf6 23. Rh8+ Kf7 24. Rh3 Qxb2 25. Rc2 Qe5 26. Nd3 Qe7
27. Rf2 Rh8 28. Rhf3 Rh6 29. Qa1 Rch8 30. Ne5+ Kg8 31. h3 Ne4 32. Rf7 Qg5 33.
Rf8+ Kh7 34. Rxh8+ Kxh8 35. Nf7+ Kh7 36. Nxg5+ Nxg5 37. a3 Rg6 38. Kh2 Bc8 39.
Qe5 b4 40. axb4 axb4 41. Qb8 Be6 42. Qxb4 Ne4 43. Rf4 Rh6 44. Qb8 Ng5 45. Rf8
Nf7 46. Qe8 Rf6 47. Qxc6 Kg6 48. Qc2+ Bf5 49. Qe2 Be6 50. g4 Kg5 51. Qc2 Rh6
52. Rxf7 Bxf7 53. Qf5+ Kh4 54. Qxf7 g5 55. Qf2# 1-0

[Event "Thursday Knighter IV: OPEN"]
[Site "Minneapolis, MN"]
[Date "2018.04.05"]
[Round "1.9"]
[White "Landman, Kevin"]
[Black "Heinisch, Steven"]
[Result "1-0"]
[WhiteElo "1506"]
[BlackElo "1300"]

1. d4 d5 2. c4 e6 3. Nc3 Nf6 4. Bg5 Be7 5. e3 h6 6. Bf4 O-O 7. cxd5 exd5 8.
Bd3 c6 9. h3 Bd6 10. Nge2 Bxf4 11. Nxf4 Be6 12. Qc2 Nbd7 13. b4 Qc7 14. O-O
Rfc8 15. Rfc1 b6 16. Ba6 Re8 17. Nb5 Qd8 18. Qxc6 Rf8 19. Nxe6 fxe6 20. Nc7
Rb8 21. Nxe6 Qe7 22. Nxf8 Kxf8 23. Bc8 Ke8 24. Bxd7+ Nxd7 25. Qxd5 Nf6 26. Qe5
Rb7 27. Rc8+ Kf7 28. Qxe7+ Kxe7 29. Rac1 Kd7 30. a3 a5 31. b5 Ne8 32. a4 Nd6
33. R8c6 Ne8 34. Rg6 Rb8 35. Rcc6 Rb7 36. Rxb6 Ra7 37. e4 {#r} 1-0

[Event "Thursday Knighter IV: OPEN"]
[Site "Minneapolis, MN"]
[Date "2018.04.05"]
[Round "1.10"]
[White "Farah, Anthony"]
[Black "Heinisch, Michael"]
[Result "0-1"]
[WhiteElo "1928"]
[BlackElo "1300"]

1. e4 e5 2. Nf3 Nc6 3. Nc3 Nf6 4. a3 d5 5. exd5 Nxd5 6. Bc4 Be6 7. Bb5 Nxc3 8.
bxc3 f6 9. O-O Qd7 10. Bxc6 Qxc6 11. Nxe5 fxe5 12. Qh5+ Kd7 13. Qxe5 Re8 14.
d3 Be7 15. Qd4+ Kc8 16. Bd2 Bd5 17. a4 h5 18. Be3 b6 19. f3 Bc5 20. Qh4 Bxe3+
21. Kh1 g5 22. Qe1 g4 23. c4 gxf3 24. cxd5 fxg2+ {#R} 0-1

[Event "Thursday Knighter IV: PREMIER"]
[Site "MInneapolis, MN"]
[Date "2018.04.12"]
[Round "2.1"]
[White "Gibbins, Wilson"]
[Black "Voje, Daniel"]
[Result "1-0"]
[WhiteElo "1018"]
[BlackElo "1638"]

1. Nf3 Nf6 2. c4 e6 3. g3 d5 4. Bg2 c6 5. Qc2 d4 6. O-O c5 7. d3 Nc6 8. a3 Bd6
9. e3 e5 10. exd4 exd4 11. Re1+ Be6 12. Ng5 Qe7 13. Nxe6 fxe6 14. Bg5 O-O 15.
Nd2 Ne5 16. Ne4 Bc7 17. b4 cxb4 18. axb4 Nf7 19. Bxf6 gxf6 20. Nc5 e5 21. Bxb7
Rab8 22. Bd5 Bb6 23. Ne6 Rfc8 24. Qe2 Kh8 25. c5 Qd7 26. Bc4 Bd8 27. Qg4 Ng5
28. h4 Rxb4 29. hxg5 Rxc4 30. dxc4 Rc6 31. gxf6 Bxf6 32. Qf5 Qxe6 33. Qxe6
Rxe6 34. Rxa7 e4 35. c6 Rxc6 36. Rxe4 Rc8 37. Rd7 {#r} 1-0

[Event "Thursday Knighter IV: PREMIER"]
[Site "MInneapolis, MN"]
[Date "2018.04.12"]
[Round "2.2"]
[White "Zelkind, Eduard"]
[Black "Newhall, Peter"]
[Result "1-0"]
[WhiteElo "2200"]
[BlackElo "1067"]

1. e4 c5 2. Nf3 g6 3. d4 cxd4 4. Qxd4 Nf6 5. e5 Nc6 6. Qh4 Nxe5 7. Nxe5 Qa5+
8. Nc3 Qxe5+ 9. Be2 Bg7 10. Bf4 Qa5 11. O-O O-O 12. Rad1 Qb4 13. Qg3 Qxb2 14.
Rd3 Qxc2 15. Bc1 Ne4 16. Nxe4 Qxe2 17. Nc3 Qe5 18. Bf4 Qa5 19. Nd5 Kh8 20.
Nxe7 b6 21. Rfd1 Qxa2 22. h4 Ba6 23. Ra3 Qc2 24. Rc1 Qe2 25. Re3 Qh5 26. Rce1
Bc4 27. Kh2 Be6 28. Bd6 Bf6 29. Be5 Bxe5 30. Rxe5 Qg4 31. Qc3 Qxh4+ 32. Kg1
Qf6 33. R1e3 d6 34. Nxg6+ fxg6 35. Rxe6 Qxc3 36. Rxc3 Rfd8 37. Re7 Re8 38. Rd7
Red8 39. Re7 Rac8 40. Rh3 h5 41. Rxa7 Rc1+ 42. Kh2 Rdc8 43. Rd7 R1c6 44. Re3
Rf8 45. Ree7 Ra8 46. Rh7+ Kg8 47. Rdg7+ Kf8 48. Rf7+ Ke8 49. Rb7 {#r} 1-0

[Event "Thursday Knighter IV: PREMIER"]
[Site "MInneapolis, MN"]
[Date "2018.04.12"]
[Round "2.3"]
[White "Britt, Thomas"]
[Black "Wijetunge, Ivan"]
[Result "1-0"]
[WhiteElo "1460"]
[BlackElo "2055"]

1. d4 d5 2. c4 e6 3. Nf3 c5 4. cxd5 exd5 5. Nc3 Nc6 6. g3 Nf6 7. Bg2 Be7 8.
O-O O-O 9. Bg5 c4 10. b3 Qa5 11. Bd2 Bb4 12. Qc2 Bg4 13. e3 Ne4 14. Nxe4 dxe4
15. Bxb4 Nxb4 16. Qxe4 Bf5 17. Qe5 Qxe5 18. Nxe5 cxb3 19. axb3 f6 20. Nc4 Nc6
21. Nd6 Bc8 22. Rfc1 Rd8 23. Ne4 Rb8 24. Nc5 b6 25. Bxc6 bxc5 26. Rxc5 a6 27.
Bd5+ Kh8 28. Bc4 {#r} 1-0

[Event "Thursday Knighter IV: PREMIER"]
[Site "MInneapolis, MN"]
[Date "2018.04.12"]
[Round "2.5"]
[White "Boardman, Larry"]
[Black "Louie, Terry"]
[Result "1/2-1/2"]
[WhiteElo "2005"]
[BlackElo "1506"]

1. e4 c5 2. Nf3 Nc6 3. d4 cxd4 4. Nxd4 Nf6 5. Nc3 d6 6. Be2 g6 7. Be3 Bg7 8.
O-O Bd7 9. Nb3 O-O 10. f4 Qc8 11. Kh1 Rd8 12. Qd2 Bg4 13. Bxg4 Qxg4 14. Qf2
Qe6 15. f5 Qc4 16. fxg6 fxg6 17. h3 Ne5 18. Rae1 a6 19. a3 b5 20. Na5 Qe6 21.
Qd2 Rac8 22. Bh6 Bh8 23. Nd5 Nf7 24. Nxf6+ Bxf6 25. c3 Ne5 26. Bf4 Nf7 27. Qd5
Qxd5 28. exd5 Ne5 29. Rd1 Nc4 30. Nxc4 Rxc4 31. Bg3 a5 32. Rd3 Kg7 33. Re1 Rd7
34. Bf2 Kf7 35. Bb6 Ra4 36. Red1 b4 37. axb4 axb4 38. Bd4 bxc3 39. bxc3 Bxd4
40. Rxd4 Rxd4 41. Rxd4 Rc7 42. Rd3 Kf6 43. Kg1 Ke5 44. Kf2 Ke4 45. Rd4+ Ke5
46. Rd3 Rc4 47. Re3+ Kxd5 48. Rxe7 Rxc3 49. Rxh7 Ke4 50. Rg7 Rc2+ 51. Kg3 Kf5
52. Rd7 Rd2 53. Kf3 Ke6 54. Rd8 d5 55. h4 d4 56. g4 Ke5 57. h5 gxh5 58. gxh5
Rh2 59. h6 Rxh6 60. Ke2 Ke4 61. Re8+ Kd5 62. Rd8+ Kc5 63. Rc8+ Kb6 64. Kd3
{#d} 1/2-1/2

[Event "Thursday Knighter IV: OPEN"]
[Site "MInneapolis, MN"]
[Date "2018.04.12"]
[Round "2.2"]
[White "Melander, Robert"]
[Black "Landman, Kevin"]
[Result "1-0"]
[WhiteElo "1541"]
[BlackElo "1506"]

1. e4 c5 2. Nf3 e6 3. c4 a6 4. d4 cxd4 5. Nxd4 Nf6 6. Bd3 Bb4+ 7. Bd2 Bxd2+ 8.
Qxd2 Qc7 9. Nc3 Nc6 10. Nf3 b6 11. O-O Bb7 12. Rfe1 d6 13. Rad1 O-O 14. b3
Rfd8 15. h3 Rac8 16. Qe3 Nb4 17. Bb1 Qc5 18. Nd4 Qa5 19. Rd2 d5 20. e5 Ne8 21.
cxd5 Nxd5 22. Nxd5 Bxd5 23. Red1 Rc3 24. Qg5 Rdc8 25. Ne2 R3c7 26. Nf4 Rc1 27.
Nxd5 Rxd1+ 28. Rxd1 exd5 29. Qf5 Qc5 30. Qxh7+ Kf8 31. Bf5 Rd8 32. e6 Qd6 33.
exf7 Kxf7 34. Re1 Qh6 35. Qxh6 gxh6 36. Re6 Rd6 37. Rxd6 Nxd6 38. Bd3 a5 39.
Kf1 Kf6 40. Ke2 Ke5 41. g3 Kd4 42. Kd2 Nf7 43. f4 Nd6 44. g4 Nf7 45. h4 Nd6
46. g5 hxg5 47. hxg5 Ne8 48. g6 Ng7 49. f5 Ne8 50. f6 Nxf6 51. g7 Ng8 52. Bh7
Nf6 53. g8=Q Nxg8 54. Bxg8 {#r} 1-0

[Event "Thursday Knighter IV: OPEN"]
[Site "MInneapolis, MN"]
[Date "2018.04.12"]
[Round "2.3"]
[White "Heinisch, Michael"]
[Black "Lothrop, Jack"]
[Result "0-1"]
[WhiteElo "1300"]
[BlackElo "1506"]

1. e4 c5 2. d4 cxd4 3. c3 dxc3 4. Nxc3 Nc6 5. Nf3 d6 6. Bc4 a6 7. O-O Nf6 8.
Qe2 Bg4 9. Rd1 Ne5 10. Bb3 e6 11. Bf4 Nfd7 12. h3 Bxf3 13. gxf3 Qh4 14. Bxe5
Nxe5 15. Kg2 Qg5+ 16. Kh1 Qf4 17. Kg2 Be7 18. Rac1 O-O 19. Rc2 Ng6 20. Rd3
Qg5+ 21. Kf1 Nf4 22. Qe3 Qg2+ 23. Ke1 Nxd3+ 24. Qxd3 Rac8 25. f4 b5 26. Qg3
Qh1+ 27. Kd2 b4 28. Rc1 bxc3+ 29. bxc3 Qxe4 {#R} 0-1

[Event "Thursday Knighter IV: OPEN"]
[Site "MInneapolis, MN"]
[Date "2018.04.12"]
[Round "2.4"]
[White "Juntunen, Steven"]
[Black "Gisselquist, Peter"]
[Result "1/2-1/2"]
[WhiteElo "2133"]
[BlackElo "1018"]

1. e4 e5 2. Nf3 Nc6 3. Bb5 a6 4. Ba4 Nf6 5. O-O b5 6. Bb3 Bb7 7. Re1 Bc5 8. h3
d6 9. c3 h6 10. d4 Bb6 11. d5 Ne7 12. Nbd2 O-O 13. c4 b4 14. Nf1 Ng6 15. Ng3
Bc8 16. Bd2 a5 17. Rc1 Nd7 18. Bc2 Nc5 19. b3 Bd7 20. Nh2 Qh4 21. Nf3 Qe7 22.
Nh5 f5 23. exf5 Bxf5 24. Bxf5 Rxf5 25. Nd4 Rff8 26. Nc6 Qf7 27. Be3 Rae8 28.
Qg4 Nd3 29. Bxb6 cxb6 30. Qe2 Nxc1 31. Rxc1 Nf4 32. Nxf4 Qxf4 33. Rf1 Qf6 34.
Qe3 Rb8 35. Nxb8 Rxb8 36. f4 exf4 37. Qe6+ Qxe6 38. dxe6 Re8 39. Re1 g5 40.
Kf2 Kg7 41. Kf3 Kf6 42. Kg4 Rxe6 43. Rxe6+ Kxe6 44. Kh5 Kf5 45. Kxh6 {#d}
1/2-1/2